000 00298nam a2200121Ia 4500
008 220120s9999||||xx |||||||||||||| ||und||
082 _a823
100 _aPierce, Tamora
_911959
245 0 _aWolf speaker
260 _aRandom House
_bBangalore
_c1997
300 _a230p.
_b160
650 _aMECHANICHAL
999 _c137506
_d137506